000 00559nam a22002297a 4500
003 UA-OsUOA
001 21528
007 ta
008 20031211b un ||||| |||| 00| 0 ukr d
100 _aКучма Л.Д.
090 _a338.24
_bК88
942 _cBK
040 _aUA-OsUOA
_bukr
_cUA-OsUOA
_dUA-OsUOA
245 _aНацію звеличують великі цілі і діла
955 _a0
041 _aukr
080 _a338.24
260 _aКиїв
_bПреса України
_c2000
044 _aUA
650 7 _2UDC
999 _c307729
_d307729